AIR (Registro nro. 12068)

Detalles MARC
000 -LEADER
longitud fija campo de control 03980nam a22009257a 4500
003 - IDENTIFICADOR DE NUMERO DE CONTROL
control del campo AR-RoUNA
005 - FECHA DE LA ULTIMA MODIFICACION
control del campo 20260408062851.0
008 - CAMPO DE CONTROL - LIBROS
longitud fija campo de control 230817b |||||||| |||| 00| 0 spa d
040 ## - ORIGEN DE LA CATALOGACION
Agencia que cataloga la obra original AR-RoUNA
Idioma en que se cataloga spa
041 ## - CODIGO DE IDIOMA
Codigo de idioma del texto / sonido o titulo separado spa
044 ## - CODIGO DE PAIS / ENTIDAD PRODUCTORA
Codigo MARC del pais ag
100 1# - ASIENTO PRINCIPAL - NOMBRE PERSONAL
Nombre personal Santamaria, Regina
9 (RLIN) 25682
245 1# - TITULO PROPIAMENTE DICHO
Titulo AIR
Mencion de responsabilidad, etc / Regina Santamaria; ; tutor Leonardo Losada.
250 ## - MENCION DE EDICION
Edicion declarada 1a. ed.
260 ## - EDITORIAL - PUBLICACION, DISTRIBUCION, ETC. (Pie de imprenta)
Lugar de publicacion, distribucion, etc Rosario, Argentina ,
Fecha de publicacion Agosto, 2025.
300 ## - DESCRIPCION FISICA
Extension 222 p. :
Otros detalles fisicos fot. col.,
-- plantas,
Dimensiones 48x30cm
502 ## - NOTA DE PROYECTO
Nota de proyecto Proyecto Final de Carrera -- Facultad de Arquitectura, Planeamiento y Diseño -- Universidad Nacional de Rosario
504 ## - NOTA DE BIBLIOGRAFIA
Nota de bibliografia, etc. p. 222
505 0# - NOTA DE CONTENIDO CON FORMATO
Título INDICE
505 0# - NOTA DE CONTENIDO CON FORMATO
Título 01. INTRODUCCION
505 0# - NOTA DE CONTENIDO CON FORMATO
Título principal Introducción
505 0# - NOTA DE CONTENIDO CON FORMATO
Título principal Movilidad
505 0# - NOTA DE CONTENIDO CON FORMATO
Título 02. MARCO TEORICO
505 0# - NOTA DE CONTENIDO CON FORMATO
Título principal Contexto Histórico
505 0# - NOTA DE CONTENIDO CON FORMATO
Título principal Escala Metropolitana
505 0# - NOTA DE CONTENIDO CON FORMATO
Título principal La Ciudad
505 0# - NOTA DE CONTENIDO CON FORMATO
Título 03. MASTERPLAN
505 0# - NOTA DE CONTENIDO CON FORMATO
Título principal Áreas de Intervención
505 0# - NOTA DE CONTENIDO CON FORMATO
Título principal El Monorriel
505 0# - NOTA DE CONTENIDO CON FORMATO
Título 04. PROYECTO URBANO
505 0# - NOTA DE CONTENIDO CON FORMATO
Título principal Situación Actual
505 0# - NOTA DE CONTENIDO CON FORMATO
Título principal Problemas y Potencialidades
505 0# - NOTA DE CONTENIDO CON FORMATO
Título principal Etapabilidad
505 0# - NOTA DE CONTENIDO CON FORMATO
Título principal Espacio Público
505 0# - NOTA DE CONTENIDO CON FORMATO
Título principal Intervención Urbana
505 0# - NOTA DE CONTENIDO CON FORMATO
Título principal Parque del AIR
505 0# - NOTA DE CONTENIDO CON FORMATO
Título principal Estacionamiento del AIR
505 0# - NOTA DE CONTENIDO CON FORMATO
Título 05. PROYECTO ARQUITECTONICO
505 0# - NOTA DE CONTENIDO CON FORMATO
Título principal Intención Proyectual
505 ## - NOTA DE CONTENIDO CON FORMATO
Título principal Límite programático - Límite fronterizo
505 0# - NOTA DE CONTENIDO CON FORMATO
Título principal Circulaciones
505 0# - NOTA DE CONTENIDO CON FORMATO
Título principal Referentes
505 0# - NOTA DE CONTENIDO CON FORMATO
Título principal Programa
505 0# - NOTA DE CONTENIDO CON FORMATO
Título principal Geometrales
505 0# - NOTA DE CONTENIDO CON FORMATO
Título principal Sectores
505 0# - NOTA DE CONTENIDO CON FORMATO
Título 06. DETALLES
505 0# - NOTA DE CONTENIDO CON FORMATO
Título principal Cortes en detalle
505 0# - NOTA DE CONTENIDO CON FORMATO
Título principal La estructura
505 0# - NOTA DE CONTENIDO CON FORMATO
Título principal La cubierta
505 0# - NOTA DE CONTENIDO CON FORMATO
Título principal La envolvente
505 0# - NOTA DE CONTENIDO CON FORMATO
Título 07. ASPECTOS TÉCNICOS
505 0# - NOTA DE CONTENIDO CON FORMATO
Título principal Estrategias
505 0# - NOTA DE CONTENIDO CON FORMATO
Título principal SATE
505 0# - NOTA DE CONTENIDO CON FORMATO
Título 08. ANEXO
505 0# - NOTA DE CONTENIDO CON FORMATO
Título principal Terminal de Cargas
505 0# - NOTA DE CONTENIDO CON FORMATO
Título principal Torre de Control
505 0# - NOTA DE CONTENIDO CON FORMATO
Título principal La Pista
505 0# - NOTA DE CONTENIDO CON FORMATO
Título principal Biodiversidad del AIR
505 0# - NOTA DE CONTENIDO CON FORMATO
Título 09. CONCLUSIÓN
505 0# - NOTA DE CONTENIDO CON FORMATO
Título principal Reflexión Final
505 0# - NOTA DE CONTENIDO CON FORMATO
Título principal Agradecimientos
520 ## - NOTA DE RESUMEN
Nota de resumen, etc. El proceso abordó tanto aspectos urbanísticos-con la intención de consolidar un fragmento de ciudad donde arquitectura y paisaje dialoguen de manera integral como estructurales y técnicos, propios de una pieza de gran escala.<br/>El sitio elegido fue el predio del actual Aeropuerto Internacional de Rosario ( AIR). A lo largo de nuestra trayectoria académica incursionamos en la arquitectura residencial, cultural , deportiva , hospitalaria y comercial; sin embargo, nunca habíamos abordado la infraestructura de transporte. Nuestra propuesta consiste en una nueva terminal para el AIR, concebida con una visión de expansión a largo plazo. Esta se sitia en un área del tejido urbano en proceso de consolidación, con potencial de convertirse en una nueva centralidad, al ubicarse en la zona de interfaz entre las ciudades de Rosario y Funes.<br/>Durante todo el proceso, conceptos como etapabilidad, flexibilidad y atmósfera guiaron nuestras decisiones proyectuales. Si bien el trabajo constituye una aproximación a un futuro posible para el sector, creemos que los resultados alcanzado responde tanto a los objetivo planteados por la cátedra como nuestras propias metas, permitiéndonos cerrar nuestro paso por la Universidad Publica de la mejor manera posible.
610 0# - MATERIA - NOMBRE CORPORATIVO
Nombre corporativo o de jurisdiccion como entrada Catedra Arq. Alejandro Beltramone
9 (RLIN) 27319
650 ## - MATERIA - TERMINO TEMATICO
Termino tematico general Proyectos de arquitectura
9 (RLIN) 1990
650 ## - MATERIA - TERMINO TEMATICO
Termino tematico general Aeropuertos
650 ## - MATERIA - TERMINO TEMATICO
Termino tematico general Puertos
9 (RLIN) 3319
650 ## - MATERIA - TERMINO TEMATICO
Termino tematico general Estaciones fluviales
9 (RLIN) 27320
650 ## - MATERIA - TERMINO TEMATICO
Termino tematico general Sistemas fluviales
9 (RLIN) 18158
650 4# - MATERIA - TERMINO TEMATICO
Termino tematico general Reordenamiento territorial
9 (RLIN) 11377
650 4# - MATERIA - TERMINO TEMATICO
Termino tematico general Infraestructura de transporte
9 (RLIN) 27322
650 4# - MATERIA - TERMINO TEMATICO
Termino tematico general Tejido urbano
9 (RLIN) 27323
651 #0 - MATERIA - NOMBRE GEOGRAFICO
Termino geografico Rosario (Santa Fe, Argentina)
9 (RLIN) 1246
700 ## - ENTRADA SECUNDARIA - NOMBRES PERSONALES
Nombre personal Losada Leonardo
Función Tut.
9 (RLIN) 12387
700 ## - ENTRADA SECUNDARIA - NOMBRES PERSONALES
Nombre personal Recuero, Camila
9 (RLIN) 27324
908 ## - SOPORTE
Soporte Imp
930 ## - ACCESION
Numero de accesion (NR) 0630
942 ## - FUENTE DE CLASIFICACION
Clasificacion Universal Decimal Classification
Tipo de item Proyectos finales
945 ## - INFORMACION DE PROCESAMIENTO
Fecha de ingreso o modificacion 2019-03-15
Codigo del operador MIA
980 ## - EQUIVALENCE OR CROSS-REFERENCE-SERIES STATEMENT--PERSONAL NAME/TITLE [LOCAL, CANADA]
Miscellaneous information CRON CRON
Linkage 138
Personal name Carolina Rainero
Field link and sequence number
Existencias
Estado retiro Estado perdido Sistema de clasificacion Estado general Biblioteca de origen Ubicacion actual Localizacion en estante Fecha de adquisicion Fuente de adquisicion Prestamos totales Signatura y librística Numero de inventario (BARCODE) Fecha ultima visto Numero de ejemplar Fecha del precio de reemplazo Tipo de elemento KOHA Nota no publica
Disponible Disponible udc No dañado Arq. Hilarión H. Larguia Arq. Hilarión H. Larguia HHL 13/08/2025 Don   656.71(821.6.17) SA232 PFC0667 13/08/2025 ej. 1 13/08/2025 Proyectos finales